Les collectifs de travail ne se décrètent pas, ils se construisent (notice n° 1639967)
[ vue normale ]
| 000 -LEADER | |
|---|---|
| fixed length control field | 01733cam a2200253 4500500 |
| 005 - DATE AND TIME OF LATEST TRANSACTION | |
| control field | 20260201074545.0 |
| 041 ## - LANGUAGE CODE | |
| Language code of text/sound track or separate title | fre |
| 042 ## - AUTHENTICATION CODE | |
| Authentication code | dc |
| 100 10 - MAIN ENTRY--PERSONAL NAME | |
| Personal name | Baillargeaux, Laurianne |
| Relator term | author |
| 245 00 - TITLE STATEMENT | |
| Title | Les collectifs de travail ne se décrètent pas, ils se construisent |
| 260 ## - PUBLICATION, DISTRIBUTION, ETC. | |
| Date of publication, distribution, etc. | 2026.<br/> |
| 500 ## - GENERAL NOTE | |
| General note | 99 |
| 520 ## - SUMMARY, ETC. | |
| Summary, etc. | Résumé Dans un contexte professionnel où les interactions entre métiers sont nombreuses mais parfois cloisonnées, une formation dispensée à l’École nationale des greffes propose un espace pour prendre du recul, échanger et valoriser la complémentarité des rôles. À travers des ateliers participatifs et des temps de réflexion, les participants sont invités à interroger leur place, leur posture et leur contribution au bon fonctionnement des équipes au sein des juridictions. |
| 520 ## - SUMMARY, ETC. | |
| Summary, etc. | Summary In a professional context where interactions between professions are numerous but sometimes compartmentalized, a training program offered at the National School of Court Clerks provides a space to take a step back, exchange, and value the complementarity of roles. Through participatory workshops and reflective sessions, participants are encouraged to question their place, stance, and contribution to the smooth functioning of teams within the judiciary. |
| 690 ## - LOCAL SUBJECT ADDED ENTRY--TOPICAL TERM (OCLC, RLIN) | |
| Topical term or geographic name as entry element | Collectif de travail |
| 690 ## - LOCAL SUBJECT ADDED ENTRY--TOPICAL TERM (OCLC, RLIN) | |
| Topical term or geographic name as entry element | Equipe |
| 690 ## - LOCAL SUBJECT ADDED ENTRY--TOPICAL TERM (OCLC, RLIN) | |
| Topical term or geographic name as entry element | JURIDICTION |
| 690 ## - LOCAL SUBJECT ADDED ENTRY--TOPICAL TERM (OCLC, RLIN) | |
| Topical term or geographic name as entry element | Place |
| 700 10 - ADDED ENTRY--PERSONAL NAME | |
| Personal name | Miller, L. |
| Relator term | author |
| 700 10 - ADDED ENTRY--PERSONAL NAME | |
| Personal name | Bringer, Jérôme |
| Relator term | author |
| 700 10 - ADDED ENTRY--PERSONAL NAME | |
| Personal name | Clérot, Aline |
| Relator term | author |
| 786 0# - DATA SOURCE ENTRY | |
| Note | Les Cahiers de la Justice | 4 | 4 | 2026-01-12 | p. 593-603 | 1958-3702 |
| 856 41 - ELECTRONIC LOCATION AND ACCESS | |
| Uniform Resource Identifier | <a href="https://droit.cairn.info/revue-les-cahiers-de-la-justice-2025-4-page-593?lang=fr&redirect-ssocas=7080">https://droit.cairn.info/revue-les-cahiers-de-la-justice-2025-4-page-593?lang=fr&redirect-ssocas=7080</a> |
Pas d'exemplaire disponible.




Réseaux sociaux